000 00296nam a22001337a 4500
008 181024b xxu||||| |||| 00| 0 eng d
020 _a2740219767650
041 _aeng
080 _23rd
_a701
100 _a44
101 _aART
245 _aFashion Forecasting
_cBrannon,E.L
942 _2udc
_cBK
999 _c50798
_d50798